000 00735 a2200241 4500
003 CBULib
005 20250129095907.0
008 250129b |||||||| |||| 00| 0 eng d
020 _a9781911382546
040 _bEnglish
_cCBULib
_erda
050 _aLB 2806 Wat
100 _aWaters, Mike
245 _aStopping bad things happening to good schools and good leaders
_c/ by Mike Waters
260 _bJohn Catt,
_c2018
_aWoodbridge :
300 _a153 pages
336 _2rdacontent
_aText |
_btxt
337 _2rdamedia
_aUnmediated |
_bn
338 _2rdacarrier
_aVolume
_bnc
500 _aIncludes an appendix
650 0 _93761
_aEDUCATIONAL LEADERSHIP
650 0 _94305
_aSCHOOL MANAGEMENT AND ORGANIZATION
942 _2lcc
_c002
999 _c85960
_d85960